| 000 -LEADER |
| fixed length control field |
00325cam a22001097a 4500 |
| 008 - FIXED-LENGTH DATA ELEMENTS--GENERAL INFORMATION |
| fixed length control field |
180718b1965 xxu||||| |||| 00| 0 eng d |
| 082 ## - DEWEY DECIMAL CLASSIFICATION NUMBER |
| Classification number |
B813x54 In2bo |
| 245 ## - TITLE STATEMENT |
| Title |
Report on the boundary dispute between U.P. and Bihar |
| 260 ## - PUBLICATION, DISTRIBUTION, ETC. |
| Place of publication, distribution, etc. |
Delhi |
| Name of publisher, distributor, etc. |
The Manager of Publications |
| Date of publication, distribution, etc. |
1965 |
| 300 ## - PHYSICAL DESCRIPTION |
| Extent |
-v- |
| 500 ## - GENERAL NOTE |
| General note |
Library has V.1. 61+p. |